000
00211 a2200097 4500
001
1548
100
_a
Murphy,J.S
245
_a
Relation of properties to microstructure
260
_a
_b
ASM
_c
090
_c
1088
_d
1088
942
_a
NUST-CAE
_c
M
_c
980
999
_c
236621
_d
236621